|
|
|
|
| LEADER |
03335nam a2200469 a 4500 |
| 001 |
GR-MES12047 |
| 005 |
20250401094608.0 |
| 008 |
070423m20032003gr g b 001 0 gre d |
| 020 |
|
|
|a 9600216134
|q (set)
|
| 020 |
|
|
|a 9600216142
|q (τ.1)
|
| 020 |
|
|
|a 9600216150
|q (τ.2)
|
| 040 |
|
|
|a GrPaTEI
|b gre
|c GR-PaULI
|e AACR2
|
| 040 |
|
|
|a GrPaTEI
|b gre
|c GR-PaULI
|
| 041 |
1 |
|
|a gre
|h eng
|
| 082 |
0 |
4 |
|a 301.01
|2 21
|
| 082 |
0 |
4 |
|2 23
|a 300.1
|
| 100 |
1 |
|
|a Popper, Karl R.
|q (Karl Raimund),
|d 1902-1994
|e συγγραφέας
|
| 245 |
1 |
2 |
|a Η ανοιχτή κοινωνία και οι εχθροί της /
|c Karl Reimund Popper ; μετάφραση Ειρήνης Παπαδάκη.
|
| 260 |
|
|
|a Αθήνα :
|b Παπαζήσης,
|c 2003.
|
| 300 |
|
|
|a 2 τ. ;
|c 21 εκ.
|
| 500 |
|
|
|a Τίτλος πρωτοτύπου: The open society and its enemies.
|
| 504 |
|
|
|a Περιλαμβάνει βιβλιογραφικές αναφορές και ευρετήρια.
|
| 505 |
0 |
|
|a τ.1. Η γοητεία του Πλάτωνα. - xlvii, 577 σ. - 2003 -
|
| 505 |
0 |
|
|a τ.2. Hegel, Marx και τα επακόλουθα. - 622 σ. - 2003.
|
| 600 |
0 |
0 |
|a Πλάτων,
|d 427-347
|9 5484
|
| 650 |
|
4 |
|a Κοινωνικές επιστήμες
|9 1953
|x Φιλοσοφία
|
| 650 |
|
4 |
|a Κομμουνισμός και κοινωνία
|
| 650 |
|
4 |
|a Πλατωνιστές
|
| 650 |
|
4 |
|a Φιλοσοφία , Μαρξιστική
|
| 650 |
|
4 |
|a Φιλόσοφοι , αρχαίοι
|
| 700 |
1 |
|
|a Παπαδάκη, Ειρήνη
|e μεταφράστρια
|e συγγραφέας εισαγωγής
|
| 765 |
|
|
|i Μετάφραση του:
|t The open society and its enemies.
|
| 942 |
|
|
|2 ddc
|c BK
|
| 952 |
|
|
|0 0
|1 0
|2 ddc
|3 τ. 1
|4 0
|6 301_010000000000000_POP
|7 0
|9 270738
|a MSLG
|b MSLG
|c BSC
|d 2021-01-17
|e 24
|f 0
|g 0.00
|l 0
|o 301.01 POP
|p 2420000021654
|r 2021-01-17 00:00:00
|t 1
|w 2021-01-17
|y BK15
|x 20070423 0 1
|x GrPaTEI
|
| 952 |
|
|
|0 0
|1 0
|2 ddc
|3 τ. 1
|4 0
|6 301_010000000000000_POP
|7 0
|9 270739
|a MSLG
|b MSLG
|c BSC
|d 2021-01-17
|e 24
|f 0
|g 0.00
|l 0
|o 301.01 POP
|p 2420000023843
|r 2021-01-17 00:00:00
|t 3
|w 2021-01-17
|y BK15
|x 20141015 0 ΧΑΣΑΝΗ 1
|x GrPaTEI
|
| 952 |
|
|
|0 0
|1 4
|2 ddc
|3 τ. 2
|4 0
|6 301_010000000000000_POP
|7 0
|9 270740
|a MSLG
|b MSLG
|c BSC
|d 2021-01-17
|e 24
|f 0
|g 0.00
|l 0
|o 301.01 POP
|p 99242000024730
|r 2021-01-17 00:00:00
|t 3
|w 2021-01-17
|y BK15
|x 20070423 0 1
|x GrPaTEI
|
| 952 |
|
|
|0 0
|1 0
|2 ddc
|3 τ. 1
|4 0
|6 301_010000000000000_ΡΟΡ
|7 0
|9 270741
|a MSLG
|b MSLG
|c BSC
|d 2021-01-17
|e 24
|f 0
|g 0.00
|l 0
|o 301.01 ΡΟΡ
|p 2420000021625
|r 2021-01-17 00:00:00
|t 2
|w 2021-01-17
|y BK15
|x 20070423 0 1
|x GrPaTEI
|
| 952 |
|
|
|0 0
|1 0
|2 ddc
|3 τ. 2
|4 0
|6 301_010000000000000_ΡΟΡ
|7 0
|9 270742
|a MSLG
|b MSLG
|c BSC
|d 2021-01-17
|e 24
|f 0
|g 0.00
|l 0
|o 301.01 ΡΟΡ
|p 2420000021652
|r 2021-01-17 00:00:00
|t 1
|w 2021-01-17
|y BK15
|x 20070423 0 1
|x GrPaTEI
|
| 952 |
|
|
|0 0
|1 0
|2 ddc
|3 τ. 2
|4 0
|6 301_010000000000000_ΡΟΡ
|7 0
|9 270743
|a MSLG
|b MSLG
|c BSC
|d 2021-01-17
|e 24
|f 0
|g 0.00
|l 0
|o 301.01 ΡΟΡ
|p 2420000021653
|r 2021-01-17 00:00:00
|t 2
|w 2021-01-17
|y BK15
|x GrPaTEI
|
| 952 |
|
|
|0 0
|1 0
|2 ddc
|3 τ.1
|4 0
|6 300_100000000000000_POP
|7 0
|9 378631
|a PTDE
|b PTDE
|d 2024-03-21
|i 13001
|l 0
|o 300.1 POP
|p 025000304197
|r 2024-03-21 00:00:00
|t 4
|w 2024-03-21
|y BK15
|z ΔΩΡΕΑ
|
| 952 |
|
|
|0 0
|1 0
|2 ddc
|3 τ.2
|4 0
|6 300_010000000000000_POP
|7 0
|9 380542
|a PTDE
|b PTDE
|d 2024-05-27
|i 13105
|l 0
|o 300.01 POP
|p 025000304290
|r 2024-05-27 00:00:00
|t 4
|w 2024-05-27
|y BK15
|z Δωρεά
|
| 999 |
|
|
|c 156412
|d 156412
|